Aurangzeb and Tipu Sultan (Record no. 13196)
[ view plain ]
| 000 -LEADER | |
|---|---|
| fixed length control field | 00651nam a2200253 a 4500 |
| 020 ## - INTERNATIONAL STANDARD BOOK NUMBER | |
| ISBN | |
| 082 00 - DEWEY DECIMAL CLASSIFICATION NUMBER | |
| Classification number | 954.0258 |
| Author Cutter | PAN |
| 100 ## - MAIN ENTRY--AUTHOR NAME | |
| Author name | Pande, B N |
| 245 ## - TITLE STATEMENT | |
| Title | Aurangzeb and Tipu Sultan |
| Sub title | Evaluation of Their Religious Policies |
| 260 ## - PUBLICATION, DISTRIBUTION, ETC. (IMPRINT) | |
| Place of publication | Delhi |
| Name of publisher | Institute of Objective Studies |
| Year of publication | 1996 |
| 300 ## - PHYSICAL DESCRIPTION | |
| Number of Pages | 25p |
| 500 ## - GENERAL NOTE | |
| General note | includes index and biblioraphy |
| 505 2# - FORMATTED CONTENTS NOTE | |
| Formatted contents note | index |
| 650 ## - SUBJECT ADDED ENTRY--TOPICAL TERM | |
| Topical Term | Tipu Sultan |
| 650 ## - SUBJECT ADDED ENTRY--TOPICAL TERM | |
| Topical Term | Mughal India-Aurangzeb |
| 942 ## - ADDED ENTRY ELEMENTS (KOHA) | |
| Koha item type | Books |
| 700 1# - | |
| -- | Pande, B N |
| Collection code | Home library | Current library | Date acquired | Cost, normal purchase price | Full call number | Accession Number | Koha item type |
|---|---|---|---|---|---|---|---|
| Henry Martyn Institute Library | Henry Martyn Institute Library | 04/04/2007 | 15.00 | 954.0258 PAN | 017958 | Books |
